The finite element method : Basic formulation and linear problems

Đã lưu trong:
書目詳細資料
主要作者: Zienkiewicz, O. C.
格式: 圖書
語言:Undetermined
出版: London McGraw-Hill 1989
主題:
標簽: 添加標簽
沒有標簽, 成為第一個標記此記錄!
Thư viện lưu trữ: Trung tâm Học liệu Trường Đại học Cần Thơ
LEADER 00553nam a2200193Ia 4500
001 CTU_33340
008 210402s9999 xx 000 0 und d
082 |a 620.001515353 
082 |b Z66/Vol.1 
100 |a Zienkiewicz, O. C. 
245 4 |a The finite element method : 
245 0 |b Basic formulation and linear problems 
245 0 |c O. C. Zienkiewicz, R. L. Taylor 
260 |a London 
260 |b McGraw-Hill 
260 |c 1989 
650 |a Structures, theory of 
904 |i QHieu 
980 |a Trung tâm Học liệu Trường Đại học Cần Thơ